Industry Jargon/ (Record no. 206575)

MARC details
000 -LEADER
fixed length control field 00697nam a2200217 4500
005 - DATE AND TIME OF LATEST TRANSACTION
control field 20241022144034.0
010 ## - LCCN (DPL NO)
LC control number ENG-142262
020 ## - INTERNATIONAL STANDARD BOOK NUMBER
Terms of availability 225.00
International Standard Book Number 9789391597184
035 ## - SYSTEM CONTROL NUMBER
System control number EN-125794
037 ## - SOURCE OF ACQUISITION
Source of stock number/acquisition DBAD
082 ## - DEWEY DECIMAL CLASSIFICATION NUMBER
Classification number 338.47
100 ## - MAIN ENTRY--PERSONAL NAME
Personal name Pandey, Kapil
245 ## - TITLE STATEMENT
Title Industry Jargon/
Remainder of title Kapil Pandey, Vyomkesh Bhatt And V. K. SIngh
250 ## - EDITION STATEMENT
Edition statement First
260 ## - PUBLICATION, DISTRIBUTION, ETC. (IMPRINT)
Name of publisher, distributor, etc Misha Books
Place of publication, distribution, etc New Delhi
Date of publication, distribution, etc 2022
270 ## - ADDRESS
Address 2356, 2nd Floor, Hudson Line, Guru Tegbahdur Nagar,
City New Delhi
Postal code 110009
Electronic mail address mishabooks2018@gmail.com
Telephone number 9654444181
300 ## - PHYSICAL DESCRIPTION
Extent 60p.
Dimensions 22cm(pb)
700 ## - ADDED ENTRY--PERSONAL NAME
Personal name Vyomkesh Bhatt
9 (RLIN) 73159
700 ## - ADDED ENTRY--PERSONAL NAME
Personal name V. K. Singh
9 (RLIN) 73160
942 ## - ADDED ENTRY ELEMENTS (KOHA)
Source of classification or shelving scheme Dewey Decimal Classification
Item type English Books
Classification part 338.47
Call number suffix IND
Edition 2022
Holdings
Withdrawn status Lost status Not for loan Collection code Home library Current library Date acquired Source of acquisition Cost, normal purchase price Full call number Barcode Copy number Cost, replacement price Koha item type
      Non-fiction Bawana Bawana 22/10/2024 DBAD 225.00 338.47 IND EN-125794 1 225.00 English Books

© Delhi Public Library
Hit Counter
free hit counter